书目信息 |
| 题名: |
经济法
|
|
| 作者: | ;注册会计师全国统一考试辅导编委会 编写 | |
| 分册: | ||
| 出版信息: | 北京 经济科学出版社 2013 |
|
| 页数: | 349页 | |
| 开本: | 26cm | |
| 丛书名: | ||
| 单 册: | ||
| 中图分类: | D922.290.4 | |
| 科图分类: | ||
| 主题词: | 经济法--中国--考核--自学参考资料 | |
| 电子资源: | ||
| ISBN: | 978-7-5141-3058-4 | |
| 000 | 00972nam0 2200265 450 | |
| 001 | 338794 | |
| 005 | 20150603151434.84 | |
| 010 | @a978-7-5141-3058-4@dCNY36.00 | |
| 100 | @a20130608d2013 em y0chiy50 ea | |
| 101 | 0 | @achi |
| 102 | @aCN@b110000 | |
| 105 | @ay zq 000yy | |
| 106 | @ar | |
| 200 | 1 | @a经济法@Ajing ji fa@f注册会计师全国统一考试辅导编审委员会编写 |
| 210 | @a北京@c经济科学出版社@d2013 | |
| 215 | @a349页@d26cm | |
| 300 | @a经科版2013年注册会计师全国统一考试学习指南 | |
| 312 | @a封面英文题名:Economic laws | |
| 330 | @a本书分为四部分。内容包括: 命题规律总结及趋势预测、应试指导及同步强化练习、跨章节综合题训练、2013年注册会计师统一考试综合测试题。 | |
| 510 | 1 | @aEconomic laws@zeng |
| 606 | 0 | @a经济法@y中国@x考核@j自学参考资料 |
| 690 | @aD922.290.4@v5 | |
| 711 | 02 | @a注册会计师全国统一考试辅导编委会@Azhu ce kuai ji shi quan guo tong yi kao shi fu dao bian wei hui@4编写 |
| 801 | 0 | @aCN@b卓展宏图@c20150525 |
| 905 | @dD922.290.4@e1246@f5 | |
| 经济法/注册会计师全国统一考试辅导编审委员会编写.-北京:经济科学出版社,2013 |
| 349页;26cm |
| 经科版2013年注册会计师全国统一考试学习指南 |
| ISBN 978-7-5141-3058-4:CNY36.00 |
| 本书分为四部分。内容包括: 命题规律总结及趋势预测、应试指导及同步强化练习、跨章节综合题训练、2013年注册会计师统一考试综合测试题。 |
| ● |
| 相关链接 |
|
|
|
|
正题名:经济法
索取号:D922.290.4/1246
 
预约/预借
| 序号 | 登录号 | 条形码 | 馆藏地/架位号 | 状态 | 备注 |
| 1 | 860568 | 208605687 | 第一样本阅览室/ [索取号:D922.290.4/1246] | 在馆 | |
| 2 | 860569 | 208605696 | 密集书库-史法系/ [索取号:D922.290.4/1246] | 在馆 | |
| 3 | 860570 | 208605703 | 第一借阅区/ [索取号:D922.290.4/1246] | 在馆 | |
| 4 | 860571 | 208605712 | 第一借阅区/ [索取号:D922.290.4/1246] | 在馆 | |
| 5 | 860572 | 208605721 | 第一借阅区/ [索取号:D922.290.4/1246] | 在馆 |